000 00739cam a2200265 4500
008 090401t1991 xxu||||| |||| 00| 0 eng d
020 _a0944298575
035 _a(Sirsi) u52533
041 _aeng
050 _a711.5520973
100 _aPappas, Stephen G.
245 _aManaging mobile home parks.
260 _aChicago
_bInstitute of Real Estate Management
_c1991
300 _axiv,192p. ; 28cm.
350 _a0
490 _aInstitute of Real Estate Management Monographs
_v: Series on
490 _aSpecific Property Types
650 _aCARAVAN PARKS
650 _aMANAGEMENT
650 _aMOBILE HOMES
650 _aUNITED STATES OF AMERICA
690 _aOVERSEAS-NORTH AMERICA
942 _n0
948 _c04/03/1997
999 _c93097
_d93097